Brands and Branding (Record no. 6285)

MARC details
005 - DATE AND TIME OF LATEST TRANSACTION
control field 20250629112220.0
020 ## - INTERNATIONAL STANDARD BOOK NUMBER
International Standard Book Number 978-1-4739-1952-5
082 ## - DEWEY DECIMAL CLASSIFICATION NUMBER
Classification number 658.82 BRO
100 ## - MAIN ENTRY--PERSONAL NAME
Author name BROWN, S
245 ## - TITLE STATEMENT
Title Brands and Branding
260 ## - PUBLICATION, DISTRIBUTION, ETC.
Place of publication, distribution, etc. Los Angeles
Name of publisher, distributor, etc. SAGE
Date of publication, distribution, etc. 2016.
300 ## - PHYSICAL DESCRIPTION
Extent xi, 282p.: ill.; figures
Other physical details Index
Dimensions 24cm
942 ## - ADDED ENTRY ELEMENTS (KOHA)
Source of classification or shelving scheme Dewey Decimal Classification
Koha item type Books
Holdings
Date last seen Total checkouts Full call number Barcode Cost, replacement price Price effective from Koha item type Lost status Source of classification or shelving scheme Damaged status Not for loan Withdrawn status Home library Current library Shelving location Date acquired Source of acquisition Cost, normal purchase price
06/29/2025   658.82 BRO MZA0002763 90000.00 06/29/2025 Books   Dewey Decimal Classification       CBE Mwanza CBE Mwanza Special Reserve Collection 06/24/2020 Library Budget 30000.00